00781nam a2200241 a 4500001001300000003000900013005001700022008004100039020002300080082002000103100001900123245009500142260002800237300000900265500003500274505001300309650003300322700001900355902000800374942000700382952013300389999001700522nice12345678IN_TiNIC20260116014213.0111116s2009 dela grp 000 0 eng  a9788178299020c29500a294.508694bILA aIlaiah, Kancha aPost-Hindu Indiab A Discourse on Dalit-bahujan, Socio-Spiritual and Scientific Revolution aDelhi bSage Pub c2009 a302p aincludes index and biblioraphy2 aGlossary aHinduism-Social Aspect-India1 aIlaiah, Kancha bSRS cBK 001040708StackRoom-aHMIbHMId2011-11-16g295.00l3o294.508694 ILAp023710r2019-08-01s2019-07-30v295.00w2011-11-16yBK c14308d14308